|
|
|
|
| LEADER |
00000nam0a2200000 4500 |
| 001 |
33117 |
| 005 |
20231101210136.0 |
| 035 |
|
|
|a (RuTPU)RU\TPU\book\33441
|
| 035 |
|
|
|a BOOK00000092
|
| 090 |
|
|
|a 33117
|
| 100 |
|
|
|a 20011210d1984 m y0rusy50 ca
|
| 101 |
0 |
|
|a rus
|
| 102 |
|
|
|a RU
|
| 105 |
|
|
|a y j 000zy
|
| 200 |
1 |
|
|a Элементы линейной алгебры и аналитической геометрии
|e учебное пособие
|f Я. С. Бугров, С. М. Никольский
|
| 210 |
|
|
|a Москва
|c Наука
|d 1984
|
| 215 |
|
|
|a 190 с.
|
| 225 |
1 |
|
|a Высшая математика
|
| 451 |
|
1 |
|0 (RuTPU)RU\TPU\book\33442
|y 5-02-0137383
|t Элементы линейной алгебры и аналитической геометрии
|o учебное пособие
|f Я. С. Бугров, С. М. Никольский
|c Москва
|n Наука
|d 1988
|p 222 с.
|a Бугров, Яков Степанович
|
| 451 |
|
1 |
|0 (RuTPU)RU\TPU\book\33440
|t Элементы линейной алгебры и аналитической геометрии
|o учебное пособие
|f Я. С. Бугров, С. М. Никольский
|c Москва
|n Наука
|d 1980
|p 175 с.
|s Высшая математика
|a Бугров, Яков Степанович
|
| 606 |
|
|
|a Линейная алгебра
|2 stltpush
|3 (RuTPU)RU\TPU\subj\40174
|9 60039
|
| 606 |
|
|
|a Аналитическая геометрия
|2 stltpush
|3 (RuTPU)RU\TPU\subj\28991
|9 52410
|
| 610 |
1 |
|
|a математика
|
| 610 |
1 |
|
|a определители
|
| 610 |
1 |
|
|a матрицы
|
| 610 |
1 |
|
|a векторная алгебра
|
| 610 |
1 |
|
|a линейные уравнения
|
| 610 |
1 |
|
|a учебные пособия
|
| 675 |
|
|
|a 512.64(075.8)
|v 3
|
| 675 |
|
|
|a 514.12(075.8)
|v 3
|
| 700 |
|
1 |
|a Бугров
|b Я. С.
|g Яков Степанович
|
| 701 |
|
1 |
|a Никольский
|b С. М.
|g Сергей Михайлович
|
| 801 |
|
0 |
|a RU
|b 63413507
|c 20011210
|g PSBO
|
| 801 |
|
2 |
|a RU
|b 63413507
|c 20201026
|g PSBO
|
| 900 |
|
|
|a Математика
|
| 900 |
|
|
|a Высшая математика
|
| 900 |
|
|
|a Аналитическая геометрия и линейная алгебра
|
| 942 |
|
|
|c BK
|